| 000 | 004790000a22001810004500 | ||
|---|---|---|---|
| 001 | 1641 | ||
| 003 | CO-MdFUSB | ||
| 005 | 20170515155343.0 | ||
| 008 | 170515b xxu||||| |||| 00| 0 eng d | ||
| 020 | _a84-263-5934-5 | ||
| 040 | _cCO-MdBIC | ||
| 082 | 0 | 4 | _a863C An885n |
| 100 | 1 | _aAntón, Rocío | |
| 245 | 1 | 0 | _aNicolás, el sabio mentirosillo / Rocío Antón ; Lola Núñez ; ilustraciones Claudia Ranucci |
| 260 | _aMadrid : Luis Vives | ||
| 300 | _a29 P. | ||
| 942 | _cLGB | ||
| 999 |
_c48799 _d48799 |
||